000 00523nam a2200181 4500
001 131836
003 ES-MaACL
005 20230906194044.0
007 t|
008 070214s1971 sp r ||||1| spa d
100 1 _aRodríguez Mendez, José María.
_9178383
245 1 4 _aLos teleadictos
_b: (la sociedad televisual) /
_cJosé María Rodríguez Méndez.
250 _a1ª ed.
260 _aBarcelona :
_bEstela,
_c1971.
300 _a188 p. ;
_c19 cm.
852 _aES-MaACL
_jC-49130
_bR.77432
999 _c131836
_d131836